Оптимизация параметров демпфированных обмоток якорей коллекторных электрических машин; Известия Томского политехнического университета [Известия ТПУ]; Т. 309, № 5

Dettagli Bibliografici
Parent link:Известия Томского политехнического университета [Известия ТПУ]/ Томский политехнический университет (ТПУ).— , 2000-
Т. 309, № 5.— 2006.— [С. 152-156]
Autore principale: Качин С. И. Сергей Ильич
Altri autori: Боровиков Ю. С. Юрий Сергеевич
Riassunto:Заглавие с титульного листа
Электронная версия печатной публикации
Рассматривается возможность выбора оптимальной конструкции демпфированной обмотки якоря в зависимости от предполагаемых условий коммутации секций электрической машины. Показано проявление наибольшей эффективности демпфированных обмоток в режиме слабой недокоммутации, что позволяет рекомендовать настройку работы данных электрических машин именно в этом режиме.
Lingua:russo
Pubblicazione: 2006
Serie:Технические науки
Soggetti:
Accesso online:http://www.lib.tpu.ru/fulltext/v/Bulletin_TPU/2006/v309/i5/32.pdf
Natura: MixedMaterials Elettronico Capitolo di libro
KOHA link:https://koha.lib.tpu.ru/cgi-bin/koha/opac-detail.pl?biblionumber=171536

MARC

LEADER 00000nla2a2200000 4500
001 171536
005 20231031164015.0
035 |a (RuTPU)RU\TPU\book\185994 
035 |a RU\TPU\book\185993 
090 |a 171536 
100 |a 20091207d2006 k y0rusy50 ca 
101 0 |a rus 
102 |a RU 
135 |a drnn ---uucaa 
181 0 |a i  
182 0 |a b 
200 1 |a Оптимизация параметров демпфированных обмоток якорей коллекторных электрических машин  |b Электронный ресурс  |f С. И. Качин, Ю. С. Боровиков 
203 |a Текст  |c электронный 
215 |a 1 файл (427 Кб) 
225 1 |a Технические науки 
230 |a Электронные текстовые данные (1 файл : 427 Кб) 
300 |a Заглавие с титульного листа 
300 |a Электронная версия печатной публикации 
320 |a [Библиогр.: с. 156 (9 назв.)] 
330 |a Рассматривается возможность выбора оптимальной конструкции демпфированной обмотки якоря в зависимости от предполагаемых условий коммутации секций электрической машины. Показано проявление наибольшей эффективности демпфированных обмоток в режиме слабой недокоммутации, что позволяет рекомендовать настройку работы данных электрических машин именно в этом режиме. 
337 |a Adobe Reader 
461 1 |0 (RuTPU)RU\TPU\book\176237  |t Известия Томского политехнического университета [Известия ТПУ]  |f Томский политехнический университет (ТПУ)  |d 2000- 
463 1 |0 (RuTPU)RU\TPU\book\185932  |t Т. 309, № 5  |v [С. 152-156]  |d 2006  |p 276 с. 
610 1 |a параметры 
610 1 |a демпфированные обмотки 
610 1 |a якори 
610 1 |a коллекторные электрические машины 
610 1 |a конструкции 
610 1 |a секции 
610 1 |a коммутация 
610 1 |a недокоммутация 
610 1 |a данные 
610 1 |a труды учёных ТПУ 
610 1 |a электронный ресурс 
700 1 |a Качин  |b С. И.  |c специалист в области электротехники  |c профессор Томского политехнического университета, доктор технических наук  |f 1954-  |g Сергей Ильич  |2 stltpush  |3 (RuTPU)RU\TPU\pers\26829 
701 1 |a Боровиков  |b Ю. С.  |c специалист в области электроэнергетики  |c проректор-директор Энергетического института Томского политехнического университета, кандидат технических наук  |f 1978-  |g Юрий Сергеевич  |2 stltpush  |3 (RuTPU)RU\TPU\pers\27067 
801 1 |a RU  |b 63413507  |c 20090623  |g PSBO 
801 2 |a RU  |b 63413507  |c 20211029  |g PSBO 
856 4 |u http://www.lib.tpu.ru/fulltext/v/Bulletin_TPU/2006/v309/i5/32.pdf 
942 |c CF